<?xml version="1.0" encoding="UTF-8"?>
<collection xmlns="http://www.loc.gov/MARC21/slim">
 <record>
  <leader>00895cam a2200265 7i4500</leader>
  <controlfield tag="001">0000054390</controlfield>
  <controlfield tag="005">20220405090000.0</controlfield>
  <controlfield tag="007">  Monograph</controlfield>
  <controlfield tag="008">171207s2016      eng</controlfield>
  <datafield tag="020" ind1=" " ind2=" ">
   <subfield code="a">9780307886071 (pbk) </subfield>
  </datafield>
  <datafield tag="040" ind1=" " ind2=" ">
   <subfield code="a">cip</subfield>
  </datafield>
  <datafield tag="090" ind1="0" ind2="0">
   <subfield code="a">HD9710.U54 </subfield>
   <subfield code="b">HOF 2012</subfield>
  </datafield>
  <datafield tag="100" ind1="1" ind2=" ">
   <subfield code="a">Hoffman, Bryce G. </subfield>
   <subfield code="e">author </subfield>
  </datafield>
  <datafield tag="245" ind1="1" ind2="0">
   <subfield code="a">American Icon : </subfield>
   <subfield code="b">Alan Mulally and the Fight to Save Ford Motor Company  </subfield>
   <subfield code="c">Bryce G. Hoffman.</subfield>
  </datafield>
  <datafield tag="264" ind1=" " ind2="1">
   <subfield code="a">New York, NY: </subfield>
   <subfield code="b">Crown Business, </subfield>
   <subfield code="c">2012.</subfield>
  </datafield>
  <datafield tag="300" ind1=" " ind2=" ">
   <subfield code="a">x, 422 pages: </subfield>
   <subfield code="b">illustrations photograph; </subfield>
   <subfield code="c">21 cm.</subfield>
  </datafield>
  <datafield tag="336" ind1=" " ind2=" ">
   <subfield code="a">text</subfield>
   <subfield code="2">rdacontent</subfield>
  </datafield>
  <datafield tag="337" ind1=" " ind2=" ">
   <subfield code="a">unmediated</subfield>
   <subfield code="2">rdamedia</subfield>
  </datafield>
  <datafield tag="338" ind1=" " ind2=" ">
   <subfield code="a">volume</subfield>
   <subfield code="2">rdacarrier</subfield>
  </datafield>
  <datafield tag="500" ind1=" " ind2=" ">
   <subfield code="a">Business Guru Collection</subfield>
  </datafield>
  <datafield tag="504" ind1=" " ind2=" ">
   <subfield code="a">Index: page 412; Includes bibliographical references</subfield>
  </datafield>
  <datafield tag="650" ind1="1" ind2="0">
   <subfield code="a">Automobile industry and trade -- </subfield>
   <subfield code="x">United States </subfield>
  </datafield>
  <datafield tag="650" ind1="1" ind2="0">
   <subfield code="a">Ford Motor Company </subfield>
  </datafield>
  <datafield tag="650" ind1="1" ind2="0">
   <subfield code="a">Mulally, Alan, 1945- </subfield>
  </datafield>
  <datafield tag="856" ind1="4" ind2="2">
   <subfield code="u">CrownBusiness.com</subfield>
  </datafield>
 </record>
</collection>
